| 000 | 00347nam a2200145Ia 4500 | ||
|---|---|---|---|
| 999 |
_c5939 _d5939 |
||
| 008 | 191201s2010 xx 000 0 und d | ||
| 020 | _a9788176567527 | ||
| 082 |
_a004 _bSIC |
||
| 100 | _aSINHA,Pardeep K | ||
| 245 | 0 | _aComputer Fundamentals | |
| 260 |
_aN. delhi _bBPB Publication _c2010 |
||
| 300 | _a457 | ||
| 650 | _aBBA | ||
| 942 |
_2ddc _cBK _067 |
||